| 000 | 00490nam a22001697a 4500 | ||
|---|---|---|---|
| 999 |
_c40648 _d40648 |
||
| 003 | OSt | ||
| 005 | 20210122141124.0 | ||
| 008 | 191017b ||||| |||| 00| 0 eng d | ||
| 020 | _a9789387766488 | ||
| 040 | _coclc | ||
| 082 |
_a577 _bNAC/E |
||
| 100 |
_aNachiketa, Neeraj _98376 |
||
| 245 |
_aEnvironment & Ecology A Dynamic Approach / _cNeeraj Nachiketa |
||
| 260 |
_aNew Delhi: _bCL Media, _c2018. |
||
| 300 | _a306p | ||
| 942 |
_2ddc _cREF _h577 _iNAC/E _k577 _mNAC/E |
||